(اندلیب)Andleeb (Urdu) (Record no. 47790)
[ view plain ]
| 000 -LEADER | |
|---|---|
| fixed length control field | 00594nam a2200205Ia 4500 |
| 001 - CONTROL NUMBER | |
| control field | 50128 |
| 003 - CONTROL NUMBER IDENTIFIER | |
| control field | OSt |
| 005 - DATE AND TIME OF LATEST TRANSACTION | |
| control field | 20160412112647.0 |
| 008 - FIXED-LENGTH DATA ELEMENTS--GENERAL INFORMATION | |
| fixed length control field | 140502s9999 xx 000 0 und d |
| 020 ## - INTERNATIONAL STANDARD BOOK NUMBER | |
| International Standard Book Number | 969351803 |
| 040 ## - CATALOGING SOURCE | |
| Transcribing agency | PK-LaUMT |
| 082 ## - DEWEY DECIMAL CLASSIFICATION NUMBER | |
| Classification number | 891.4393 |
| Item number | SAL-A |
| 100 ## - MAIN ENTRY--PERSONAL NAME | |
| Personal name | Salma Kanwal |
| 245 ## - TITLE STATEMENT | |
| Title | (اندلیب)Andleeb (Urdu) |
| Statement of responsibility, etc | (سلمی کنول)Salma Kanwal |
| 260 ## - PUBLICATION, DISTRIBUTION, ETC. (IMPRINT) | |
| Place of publication, distribution, etc | (لاہور،پاکستان)Lahore,Pakistan: |
| Name of publisher, distributor, etc | (سنگ میل پبلیکیشنز)Sang-e-Meel Publications, |
| Date of publication, distribution, etc | 2006 |
| 300 ## - PHYSICAL DESCRIPTION | |
| Extent | 336 p. |
| 546 ## - LANGUAGE NOTE | |
| Language note | UR |
| 650 ## - SUBJECT ADDED ENTRY--TOPICAL TERM | |
| Topical term or geographic name as entry element | Urdu literature-Novel |
| 942 ## - ADDED ENTRY ELEMENTS (KOHA) | |
| Koha item type | Books |
| Source of classification or shelving scheme | Dewey Decimal Classification |
| Withdrawn status | Lost status | Damaged status | Not for loan | Home library | Current library | Date acquired | Total Checkouts | Full call number | Barcode | Date last seen | Date checked out | Price effective from | Koha item type |
|---|---|---|---|---|---|---|---|---|---|---|---|---|---|
| UMT Main Campus | UMT Main Campus | 2014-05-02 | 11 | 891.4393 SAL-A | 60217 | 2019-02-25 | 2019-02-11 | 2014-05-08 | Books |
